Najbardziej oglądane kanały sportowe w Polsce - Statystyki

Ogólne statystyki
  • Ten quiz został rozwiązany 73 razy
  • Średni wynik to 5 z 10
Statystyki odpowiedzi
Miejsce Udział Nazwa stacji % Poprawnych
1 1,11% TVP Sport
99%
3 0,59% Polsat Sport
88%
4 0,16% Canal+ Sport
61%
6 0,16% Eurosport 2
57%
2 0,64% Eurosport 1
52%
7 0,15% Polsat Sport Extra
51%
9 0,06% Polsat Sport News
45%
10 0,05% Canal+ Sport 2
41%
5 0,16% Eleven Sports 1
28%
8 0,09% Canal+ Sport 5
16%
Nie znaleziono quizów pasujących do podanych kryteriów
Rozkład punktacji
Procent ludzi z każdym wynikiem
Percentyl według liczby udzielonych odpowiedzi
Twoja historia wyników
Nie rozwiązałeś tego quizu